[Event "POL-chT U20 1st League"]
[Site "Chotowa"]
[Date "2025.06.18"]
[Round "5.42"]
[White "Tkacz, Katarzyna"]
[Black "Grad, Barbara"]
[Result "1/2-1/2"]
[WhiteElo "1779"]
[BlackElo "1558"]
[PlyCount "122"]
[EventDate "2025.06.14"]
[EventType "team-swiss"]
[EventRounds "9"]
[EventCountry "POL"]
[SourceTitle "CB26_2025"]
[SourceDate "2025.06.25"]
[SourceVersion "1"]
[SourceVersionDate "2025.06.25"]
[SourceQuality "1"]
[WhiteTeam "Legnica Miedz"]
[BlackTeam "Bełchatow Jedynka"]
[WhiteTeamCountry "POL"]
[BlackTeamCountry "POL"]

1. e4 c5 2. Nf3 Nc6 3. d4 cxd4 4. Nxd4 g6 5. Nc3 Bg7 6. Be3 Nf6 7. Bc4 0-0 8. 0-0 Nxe4 9. Nxe4 d5 10. Bxd5 Qxd5 11. Nc3 Qd6 12. Ndb5 Qb4 13. a3 Qh4 14. Qf3 Bg4 15. Qg3 Qh5 16. h3 Be6 17. Qg5 Qxg5 18. Bxg5 Rac8 19. a4 Rfd8 20. Rab1 a6 21. Na3 h6 22. Be3 Bf5 23. g4 Be6 24. Ne4 Nd4 25. c3 Nf3+ 26. Kg2 Nh4+ 27. Kg3 g5 28. f3 Rd3 29. Kf2 Bd5 30. Nc5 Rxe3 31. Kxe3 Rxc5 32. Nc2 Bb3 33. Nb4 Bxa4 34. Kf2 Rc7 35. Nd5 Rd7 36. Nb6 Rd2+ 37. Ke3 Rc2 38. Nxa4 Be5 39. Kd3 Rh2 40. Ke4 Bf4 41. Nc5 Re2+ 42. Kd4 Rd2+ 43. Kc4 b5+ 44. Kb3 a5 45. Rbd1 Rxd1 46. Rxd1 Nxf3 47. Nb7 Nd2+ 48. Kc2 Nc4 49. Rd7 e6 50. b3 Ne3+ 51. Kb2 a4 52. bxa4 bxa4 53. Ka3 Nc4+ 54. Kb4 Nb6 55. Rd8+ Kg7 56. c4 a3 57. Kxa3 Nxc4+ 58. Kb3 Ne5 59. Kc3 Kh7 60. Nd6 Kg7 61. Ra8 f5 1/2-1/2